Statistics for Capital Cities that end with an E

Click here to take the quiz!

General Stats

  • This quiz has been taken 82 times
  • The average score is 11 of 22

Answer Stats

Answer% Correct
Rome
77%
Male
63%
Prague
63%
Belgrade
61%
Lome
60%
Skopje
60%
Vientiane
56%
Harare
51%
Port-au-Prince
51%
Brazzaville
49%
Gaborone
47%
Libreville
47%
Mbabane
47%
Singapore
47%
San Jose
46%
Lilongwe
44%
Basseterre
40%
São Tomé
40%
Yaoundé
40%
Dushanbe
39%
Sucre
39%
Sri Jayawardenepura Kotte
26%

Score Distribution

Percentile by Number Answered

Percent of People with Each Score

Your Score History

You have not taken this quiz